000 00461nam a2200133 4500
999 _c14298
_d14298
008 190910b ||||| |||| 00| 0 eng d
082 _aDPer 050 T48 Apr-June 2016 v. 187 n. 12-24
100 _939493
_aMalsin, Jared.
245 _aCaught in the middle of a civil war between Turkey and its Kurds/
_cJared Malsin.
260 _aHong Kong:
_bTime Asia,
_cc2016.
300 _av187 n24, pages 8-9:
_billustrations;
_c27 cm.
650 _aWar
_94574
942 _2ddc
_cPER